Statistics for Mortal Instruments & Infernal Devices

Click here to take the quiz!

General Stats

  • This quiz has been taken 248 times
    (174 since last reset)
  • The average score is 11 of 16

Answer Stats

HintAnswer% Correct
Because, for Madeline, I'll always be Jocelyn's daughter, but Jace would be forever Valentine's son.Clary Fairchild
95%
Cough, cough. "Gimme the silver box." Cough. Cough.Jem
93%
"And as for you... Call me?"Magnus Bane
93%
"I'm cursed. Everyone who loves me would be dead."Will Herondale
92%
"I am not naming our child Buford!"Charlotte Branwell
88%
"I know you may not like the idea I being an undead, but I want you to know that the undeads are just like you and me."Simon Lewis
88%
It hurts, to Change.Tessa Gray
85%
But Isabelle and Alec had already told me to stay out of library because they are having grown-up talk..."Max Lightwood
82%
"That ducking glass mole."Alec Lightwood
79%
"No I mean he's literally a worm."Gabriel Lightwood
76%
"I am the tutor of them all. The four of them."Hodge
76%
"You are Valentine's son and his spy."Imogen
30%
The guy who didn't talk much: RF. He's green I think. He died.Ragnor Fell
30%
"Charlotte. It's silver." "It's alright... As a traveller I always bring my own."Woolsey Scott
28%
A bird.Hugo
19%
"But... The marble floor is making drawing the Pentagram hard."Elias
7%

Score Distribution

Percentile by Number Answered

Percent of People with Each Score

Your Score History

You have not taken this quiz since the last reset